000 00364 a2200157 4500
001 187859
020 _a
040 _cMagnum
100 _aBrant, Bernardo Caldeira
240 1 0 _aTrabalho não combina com criança
_lpor
245 1 0 _aTrabalho não combina com criança
300 _a32
440 1 _aO Lutador
697 _aLITERATURA INFANTO
942 _cBK
999 _c187859
_d187859